| 000 | 00757cam a22001934a 4500 | ||
|---|---|---|---|
| 005 | 20250605164020.0 | ||
| 008 | 250528s ||||||||||||||||||||||||d | ||
| 035 | _a16322 | ||
| 020 | _a3822803936 | ||
| 040 |
_aGR-AtMCL _bgre _dGR-AtMCL _eAACR2 |
||
| 245 | 1 | _aPackage Design in Japan | |
| 260 | _c1993 | ||
| 300 | _a200 | ||
| 520 | _aJapanese package is unique. It unites traditional and modern aspects of design. The most significant creations of nine major avant-garde artists are presented in this work. Aspects of Ambiguity and Animism, Wrapping and Boxes, What is Packaging, Packaging Dreams, Simple and Beautiful, Sake, Packaging Precious Things. | ||
| 700 | 1 |
_aBenedikt, Taschen _92401 |
|
| 942 | _cBK | ||
| 999 |
_c1834 _d1834 |
||